[Event "BCF-chT4 0607 (4NCL)"]
[Site "Sunningdale"]
[Date "2007.03.25"]
[Round "8.132"]
[White "Harrison, John"]
[Black "Terry, Sean"]
[Result "1/2-1/2"]
[WhiteElo "2000"]
[BlackElo "2040"]
[PlyCount "81"]
[EventDate "2006.09.16"]
[EventType "team"]
[EventRounds "11"]
[EventCountry "ENG"]
[SourceTitle "EXT 2008"]
[Source "ChessBase"]
[SourceDate "2007.11.25"]
[SourceVersion "1"]
[SourceVersionDate "2007.11.25"]
[SourceQuality "1"]
[WhiteTeam "Notts II"]
[BlackTeam "Oxford III"]
[WhiteTeamCountry "ENG"]
[BlackTeamCountry "ENG"]

1. d4 Nf6 2. c4 Nc6 3. Nf3 d6 4. Nc3 g6 5. d5 Ne5 6. Nxe5 dxe5 7. e4 e6 8. Bg5 Be7 9. Bh6 exd5 10. cxd5 Ng4 11. Bb5+ Bd7 12. Qxg4 c6 13. Qg3 cxb5 14. Bg7 Bf6 15. Bxh8 Bxh8 16. 0-0 b4 17. Nd1 Bb5 18. Re1 Rc8 19. Qb3 a5 20. Ne3 Bf6 21. a4 Ba6 22. Rec1 Be7 23. Rxc8 Qxc8 24. Rd1 Bd6 25. Rd2 Qc1+ 26. Qd1 Qxd1+ 27. Rxd1 Bc5 28. b3 Bd4 29. Nc4 Bxc4 30. bxc4 Kd7 31. Kf1 Kd6 32. Ke2 Bc5 33. Kd3 f6 34. g3 Bd4 35. f4 Kc5 36. fxe5 Bxe5 37. Kc2 Kd6 38. Kb3 b6 39. g4 h6 40. h4 Kc5 41. Rd3 1/2-1/2

[Event "BCF-chT4 0506 (4NCL)"]
[Site "West Bromwich"]
[Date "2006.05.28"]
[Round "10.4"]
[White "Coates, David H"]
[Black "Harrison, John"]
[Result "0-1"]
[WhiteElo "2025"]
[BlackElo "2015"]
[PlyCount "62"]
[EventDate "2005.11.05"]
[EventType "team"]
[EventRounds "11"]
[EventCountry "ENG"]
[SourceTitle "CBM 109 Extra"]
[Source "ChessBase"]
[SourceDate "2006.01.03"]
[SourceVersion "2"]
[SourceVersionDate "2006.01.03"]
[SourceQuality "1"]
[WhiteTeam "Slough Sharks IV"]
[BlackTeam "Nottinghamshire II"]
[WhiteTeamCountry "ENG"]
[BlackTeamCountry "ENG"]

1. e4 e6 2. d4 d5 3. e5 c5 4. c3 Nc6 5. Nf3 Bd7 6. a3 Rc8 7. b4 cxd4 8. cxd4 Qb6 9. Bb2 Na5 10. Nbd2 Nc4 11. Nxc4 dxc4 12. Rc1 Qa6 13. Be2 b5 14. 0-0 Bc6 15. Nd2 Qb7 16. Bf3 Bxf3 17. Qxf3 Qxf3 18. Nxf3 Ne7 19. Ng5 Nd5 20. Ne4 Be7 21. Nc5 0-0 22. g3 a5 23. Bc3 Nxc3 24. Rxc3 axb4 25. axb4 Rfd8 26. Ra1 Rxd4 27. Ra5 Bxc5 28. bxc5 b4 29. Rc1 c3 30. Rb5 Rc4 31. f4 g5 0-1